| 000 | 00880cab a2200229 4500 | ||
|---|---|---|---|
| 001 | WB3144-53 | ||
| 008 | 090401t1995 xxu||||| |||| 00| 0 eng d | ||
| 035 | _a(Sirsi) u35454 | ||
| 041 | _aeng | ||
| 245 | _aTenancy grant | ||
| 260 | _c1995 | ||
| 350 | _a0 | ||
| 490 |
_aEstates Gazette Case Summaries _v(1995) EGCS 172(1) (18/11/95) |
||
| 520 | _aIn "Redbank Schools Ltd v Abdullahzadeh and others and related appeals" CA 8 November 1995, the County Council were found to have no statutory authority to create tenancies on the community home premises. | ||
| 650 | _aCHILDREN AND YOUNG PERSONS ACT 1969 | ||
| 650 | _aCOMMUNITY HOMES | ||
| 650 | _aRESIDENTIAL LEASES | ||
| 650 | _aPROPERTY-RESIDENTIAL PROPERTY-RESIDENTIAL LANDLORD AND TENANT-RESIDENTIAL TENANCIES | ||
| 690 | _aLANDLORD AND TENANT-CASE LAW-RESIDENTIAL TENANCIES | ||
| 942 | _n0 | ||
| 948 | _c04/03/1997 | ||
| 999 |
_c23212 _d23212 |
||